徳川15代将軍 - Statistics

General Stats
  • This quiz has been taken 370 times
  • The average score is 10 of 15
Answer Stats
名前 在職 % Correct
1 徳川とくがわ{家康いえやす} 1603-1605
99%
3 徳川とくがわ{家光いえみつ} 1623-1651
94%
5 徳川とくがわ{綱吉つなよし} 1680-1709
86%
15 徳川とくがわ{慶喜よしのぶ} 1867-1868
86%
8 徳川とくがわ{吉宗よしむね} 1716-1745
85%
2 徳川とくがわ{秀忠ひでただ} 1605-1623
82%
4 徳川とくがわ{家綱いえつな} 1651-1680
71%
14 徳川とくがわ{家茂いえもち} 1858-1866
64%
11 徳川とくがわ{家斉いえなり} 1787-1837
57%
7 徳川とくがわ{家継いえつぐ} 1713-1716
50%
13 徳川とくがわ{家定いえさだ} 1853-1858
48%
6 徳川とくがわ{家宣いえのぶ} 1709-1712
46%
9 徳川とくがわ{家重いえしげ} 1745-1760
46%
12 徳川とくがわ{家慶いえよし} 1837-1853
45%
10 徳川とくがわ{家治いえはる} 1760-1786
44%
No matching quizzes found
Score Distribution
Percent of People with Each Score
Percentile by Number Answered
Your Score History
You have not taken this quiz